Central Library OPAC University of Rajshahi

বালার মুসলমানদের ইতিহাস : (Record no. 44685)

MARC details
000 -LEADER
fixed length control field 00856nam a2200229 a 4500
001 - CONTROL NUMBER
control field 44685
003 - CONTROL NUMBER IDENTIFIER
rucl marc code BD-RjUL
005 - DATE AND TIME OF LATEST TRANSACTION
control field 20211209053912.0
008 - FIXED-LENGTH DATA ELEMENTS--GENERAL INFORMATION
fixed length control field 160719s1976 bg |||| ||| 000 0 ben d
020 ## - INTERNATIONAL STANDARD BOOK NUMBER
Terms of availability : Tk 30.00
035 ## - SYSTEM CONTROL NUMBER
System control number (BD-RjUL)44803
040 ## - CATALOGING SOURCE
Original cataloging agency BD-RjUL
Language of cataloging ben
Transcribing agency BD-RjUL
041 ## - LANGUAGE CODE
Language code of text/sound track or separate title ben
082 ## - DEWEY DECIMAL CLASSIFICATION NUMBER
Edition number 23
Classification number 954.92
Author mark and year RAB 1976
100 10 - MAIN ENTRY--PERSONAL NAME
Personal name রহিম, মুহম্মদ আবদুর
9 (RLIN) 117210
245 10 - TITLE STATEMENT
Title বালার মুসলমানদের ইতিহাস :
Remainder of title ১৭৫৭-১৯৪৭
Statement of responsibility, etc. মুহম্মদ আবদুর রহিম
260 ## - PUBLICATION, DISTRIBUTION, ETC. (IMPRINT)
Place of publication, distribution, etc. ঢাকা :
Name of publisher, distributor, etc. নূরজাহান রহিম,
Date of publication, distribution, etc. ১৯৭৬
300 ## - PHYSICAL DESCRIPTION
Pagination [৪] ৩৩২ পৃ. ;
Size ২০ সেমি.
650 ## - SUBJECT ADDED ENTRY--TOPICAL TERM
Topical term or geographic name as entry element বাংলাদেশ
Form subdivision ইতিহাস
9 (RLIN) 137036
Topical term or geographic name as entry element Bangladesh
Form subdivision History
9 (RLIN) 137037
942 ## - ADDED ENTRY ELEMENTS (KOHA)
Source of classification or shelving scheme Dewey Decimal Classification
Koha item type Books
Holdings
Lost status Source of classification or shelving scheme Damaged status Not for loan Collection code Permanent Location Current Location Shelving location Date acquired Source of acquisition Cost, normal purchase price Total Checkouts Full call number Date last seen Date checked out Copy number Koha item type
  Dewey Decimal Classification     Non-fiction Central Library, University of Rajshahi Central Library, University of Rajshahi   17/04/1978 Author 30.00 13 B 954.92 RAB 1976 31/03/2026 04/03/2026 C-2 Books